Normal view
MARC view
- الشركات -اعادة تنظيم
Entry Topical Term
001 - CONTROL NUMBER
- control field: 33981
003 - CONTROL NUMBER IDENTIFIER
- control field: JO-AjAnu
005 - DATE AND TIME OF LATEST TRANSACTION
- control field: 20230606075709.0
008 - FIXED-LENGTH DATA ELEMENTS
- fixed length control field: 230606|| aca||aabn | a|a d
040 ## - CATALOGING SOURCE
- Original cataloging agency: JO-AjAnu
- Transcribing agency: JO-AjAnu
150 ## - HEADING--TOPICAL TERM
- Topical term or geographic name entry element: الشركات -اعادة تنظيم
670 ## - SOURCE DATA FOUND
- Source citation: Work cat.: (JO-AjAnu)17453: جاتورنا،جون؛ترجمة:خالد العامري, author 33980, ادارة الامداد والتوزيع=Handbook of Logistics & Distribution Management